000 00525nam a2200181Ia 4500
005 20250508154542.0
008 008 250505s9999 xx 000 0 eng d
037 _aTextual
040 _aFEDL
_beng
_cFEDL
041 _aeng
_2eng
084 _a954.04, MAN
_qFEDL
100 _aMankekar D R
245 0 _aTwenty two fateful days: Pakistan cut to size
260 _aBombay, India
_bManaktala And Sons Private Limited
_c1966
300 _ax,228p
942 _cTEXL
_h954.04, MAN
999 _c1350880
_d1350880